| 000 | 00735nam a22001337a 4500 | ||
|---|---|---|---|
| 008 | 110711t xxu||||| |||| 00| 0 eng d | ||
| 010 | _aC DOC F-140 | ||
| 245 | _aThe High Court of Uganda Holden at Kampala. Indictment. The is informed by the Director ofb Public Prosecutions that Asumani Kasumba is charged with the following offence: Defilement . | ||
| 260 | _c1996 | ||
| 500 | _aMichael Wamasebu Principle State Attorney | ||
| 999 |
_c4683 _d4683 |
||